000 00956nam0a22002531 4500
001 rc\4383679
005 20130416144410.5
021 _aRU
_b[64-67482]
035 _a(NLR Aleph) 008549538
090 _a8397674
_c8397674
100 _a20130416d1964 |||y0rusy50 ca
101 0 _arus
102 _aRU
105 _aa z |||||
200 1 _aОсновы метрологии
_eУчеб. пособие по курсу "Электр. и магнитные измерения"
_fМ-во высш. и сред. спец. образования РСФСР. Всесоюз. заоч. энергет. ин-т
210 _aМосква
_cБ. и.
_d1964
215 _a152 с.
_cил.
_d20
606 _aМетрология
_jПособия заочные
_2psbo
700 1 _aВострокнутов
_bН. Г.
_gНиколай Георгиевич
801 0 _aRU
_bNLR
_gpsbo
801 1 _aRU
_bELAR
_2rusmarc
852 _aNLR
_j64-3/5302
942 _cBOOK
980 _aNB